ARRUPE JESUIT UNIVERSITY

CORONAVIRUS -STOP THE SPREAD - CLEAN,DISINFECT,COVER

Consecrated Religious Life (Record no. 120678)

MARC details
000 -LEADER
fixed length control field 00570nam a22001697a 4500
008 - FIXED-LENGTH DATA ELEMENTS--GENERAL INFORMATION
fixed length control field 140610b xxu||||| |||| 00| 0 eng d
020 ## - INTERNATIONAL STANDARD BOOK NUMBER
International Standard Book Number 9781570756191
050 ## - LIBRARY OF CONGRESS CALL NUMBER
Classification number BX2436.O48 2005
100 ## - MAIN ENTRY--PERSONAL NAME
Personal name O'Murchu, Diarmuid
9 (RLIN) 10763
245 ## - TITLE STATEMENT
Title Consecrated Religious Life
Remainder of title the changing paradigms
Statement of responsibility, etc Diarmuid O'Murchu
260 ## - PUBLICATION, DISTRIBUTION, ETC. (IMPRINT)
Place of publication, distribution, etc New York
Name of publisher, distributor, etc Orbis Books
Date of publication, distribution, etc 2005
300 ## - PHYSICAL DESCRIPTION
Extent x, 267p. ;
Dimensions 22cm.
650 ## - SUBJECT ADDED ENTRY--TOPICAL TERM
Topical term or geographic name as entry element Monasticism and religious orders
General subdivision rules
9 (RLIN) 10764
650 ## - SUBJECT ADDED ENTRY--TOPICAL TERM
Topical term or geographic name as entry element Monastic and religious life
9 (RLIN) 10765
650 ## - SUBJECT ADDED ENTRY--TOPICAL TERM
Topical term or geographic name as entry element Catholic Church
General subdivision Clergy
9 (RLIN) 10766
942 ## - ADDED ENTRY ELEMENTS (KOHA)
Source of classification or shelving scheme Library of Congress Classification
Item type Monograph ( Printed materials)
Holdings
Withdrawn status Lost status Source of classification or shelving scheme Damaged status Not for loan Collection code Home library Current library Shelving location Date acquired Total Checkouts Full call number Barcode Date last seen Price effective from Koha item type
    Library of Congress Classification     Main Collection ARRUPE LIBRARY ARRUPE LIBRARY Main Collection 10/06/2014   BX2436.O48 2005 46500000581 22/11/2017 10/06/2014 Monograph ( Printed materials)

 

Arrupe Library. PO Box MP320 Mt Pleasant, Harare, Zimbabwe
263 242 745411|librarian@aju.ac.zw